000 00636nam a22001935i 4500
001 173511
003 ES-MaACL
005 20250822032659.0
008 091203s1969 xxu |||| | eng d
080 _a159.9
245 0 0 _aReadings in humanistic psychology /
_cedited with an introd. by Anthony J. Sutich and Miles A. Vich.
260 _aNew York :
_bFree Press,
_c[1969]
300 _aXV, 440 p. ;
_c23 cm.
650 1 7 _aPsicologĂ­a humanĂ­stica
_2embne
_916567
700 1 _aSutich, Anthony J.
_9141715
700 1 _aVich, Miles A.
_9141716
852 _aES-MaACL
_jE-13226
_z.- Donativo doctor Calles
999 _c173511
_d173511